Gazifikacija uglja /
Salvato in:
| Autori principali: | , , |
|---|---|
| Natura: | Libro |
| Pubblicazione: |
Moskva :
Nedra,
1986
|
| Tags: |
Nessun Tag, puoi essere il primo ad aggiungerne!!
|
MARC
| LEADER | 00000nam a22000003a 4500 | ||
|---|---|---|---|
| 001 | stu19451 | ||
| 005 | 20150617225752.0 | ||
| 008 | ------s1986----xxr---------------------d | ||
| 040 | |a STU |b slo | ||
| 041 | 0 | ||
| 044 | |a xxr | ||
| 080 | |a 662.764 | ||
| 100 | 1 | |a Schilling, Hans-Dieter |4 aut | |
| 245 | 1 | |a Gazifikacija uglja / |c [aut.]Schilling,Hans-Dieter, Bonn,Berhard, Krauz,Ulrich | |
| 260 | |a Moskva : |b Nedra, |c 1986 | ||
| 300 | |a 174 s | ||
| 700 | 1 | |a Bonn, Berhard |4 aut | |
| 700 | 1 | |a Krauz, Ulrich |4 aut | |
| 996 | |b C77557 |c C*77557 |l CCIX |s P |a 0 |w stu19451_0001 | ||